[Event "26. Obert Vila de Sant Boi 2014"]
[Site "Sant Boi de Llobregat ESP"]
[Date "2014.05.16"]
[Round "5.10"]
[White "Carreño Riera, Carles"]
[Black "Vega Rangel, Lluis"]
[Result "1-0"]
[WhiteElo "2074"]
[BlackElo "1970"]
[PlyCount "81"]
[EventDate "2014.04.04"]
[EventType "swiss"]
[EventRounds "9"]
[EventCountry "ESP"]
[Source "lmi"]
[SourceDate "2014.04.04"]

1. d4 d6 2. e4 Nf6 3. Nc3 c6 4. h3 g6 5. f4 Bg7 6. Nf3 O-O 7. Bd3 a5 8. Be3 b5
9. a3 Na6 10. Ne2 Bd7 11. O-O c5 12. c3 c4 13. Bc2 a4 14. d5 Qc7 15. Ng3 Nc5
16. Bd4 Ne8 17. Bxg7 Nxg7 18. Qd4 Rac8 19. Rae1 e6 20. Qf6 Qd8 21. Qd4 Qc7 22.
Re2 Rce8 23. Rfe1 Bc8 24. Nh2 e5 25. fxe5 dxe5 26. Qe3 Qd6 27. Rf1 f6 28. Ref2
Nd7 29. Ng4 h5 30. Nh2 Rf7 31. Bd1 Nf8 32. Nf3 Rc7 33. Qh6 Rd8 34. Nh4 Qc5 35.
Nxg6 Nxg6 36. Qxg6 f5 37. exf5 Rd6 38. f6 Rf7 39. Kh1 Qxd5 40. Bc2 e4 41. Bxe4
1-0

[Event "26. Obert Vila de Sant Boi 2014"]
[Site "Sant Boi de Llobregat ESP"]
[Date "2014.05.23"]
[Round "6.1"]
[White "Nieto Farreny, Francesc"]
[Black "De Figueiredo Coutinho Filho"]
[Result "1-0"]
[WhiteElo "2285"]
[BlackElo "1817"]
[PlyCount "99"]
[EventDate "2014.04.04"]
[EventType "swiss"]
[EventRounds "9"]
[EventCountry "ESP"]
[Source "lmi"]
[SourceDate "2014.04.04"]

1. d4 Nf6 2. c4 e6 3. Nc3 Bb4 4. e3 Ne4 5. Nge2 Qh4 6. g3 Qf6 7. f4 g5 8. Bg2
Nxc3 9. bxc3 Be7 10. e4 g4 11. O-O d6 12. Qc2 h5 13. e5 Qg7 14. exd6 Bxd6 15.
f5 exf5 16. Bf4 h4 17. Bxd6 cxd6 18. Nf4 O-O 19. Nd5 Nc6 20. Qd2 h3 21. Bh1 Bd7
22. Qf4 Qg6 23. Rae1 Rae8 24. Nc7 Rxe1 25. Rxe1 a6 26. Nd5 Re8 27. Rxe8+ Bxe8
28. Ne3 Bd7 29. Kf2 Kh7 30. Bd5 Nd8 31. Nd1 Qh6 32. Ke3 Qxf4+ 33. Kxf4 Kg6 34.
Nb2 Kf6 35. Nd3 Ne6+ 36. Bxe6 fxe6 37. a3 b6 38. Ke3 Kg5 39. Nf4 e5 40. Nd5 b5
41. c5 dxc5 42. dxe5 Bc6 43. Nf4 a5 44. Ne6+ Kg6 45. Nxc5 Kf7 46. Kf4 Kg6 47.
Ne6 Ba8 48. Nd4 Be4 49. Nxb5 Bd3 50. Nd6 1-0

[Event "26. Obert Vila de Sant Boi 2014"]
[Site "Sant Boi de Llobregat ESP"]
[Date "2014.05.23"]
[Round "6.2"]
[White "Bada Navarra, Jordi"]
[Black "Sanchez Lopez, Juan M"]
[Result "1/2-1/2"]
[WhiteElo "2201"]
[BlackElo "2290"]
[PlyCount "38"]
[EventDate "2014.04.04"]
[EventType "swiss"]
[EventRounds "9"]
[EventCountry "ESP"]
[Source "lmi"]
[SourceDate "2014.04.04"]

1. e4 c5 2. Nf3 Nc6 3. Nc3 e5 4. Bc4 Be7 5. d3 Nf6 6. Bg5 O-O 7. Bxf6 Bxf6 8.
h3 g6 9. g4 Bg7 10. Nd5 d6 11. c3 Na5 12. Ne3 b5 13. Bd5 Bb7 14. Bxb7 Nxb7 15.
Qb3 Na5 16. Qd5 Qd7 17. h4 Qe6 18. Ng5 Qxd5 19. Nxd5 Nc6 1/2-1/2

[Event "26. Obert Vila de Sant Boi 2014"]
[Site "Sant Boi de Llobregat ESP"]
[Date "2014.05.23"]
[Round "6.3"]
[White "Blasco Coll, Andreu"]
[Black "Gonzalez Verges, Alex"]
[Result "0-1"]
[WhiteElo "2182"]
[BlackElo "2284"]
[PlyCount "88"]
[EventDate "2014.04.04"]
[EventType "swiss"]
[EventRounds "9"]
[EventCountry "ESP"]
[Source "lmi"]
[SourceDate "2014.04.04"]

1. d4 Nf6 2. c4 c5 3. d5 b5 4. cxb5 a6 5. f3 g6 6. e4 d6 7. Na3 Bg7 8. Ne2 O-O
9. Nc3 Nbd7 10. bxa6 Ne8 11. a7 Rxa7 12. Nab5 Ra8 13. Be2 Ba6 14. O-O Nc7 15.
a4 Nb6 16. Nxc7 Qxc7 17. Nb5 Qd7 18. Rb1 c4 19. b3 Bxb5 20. axb5 Qxb5 21. Be3
Qa5 22. bxc4 Na4 23. Rb5 Qc7 24. Qd3 Nc3 25. Rb3 Na4 26. Qc2 Nc5 27. Rb5 Ra3
28. Bf2 Rfa8 29. Rfb1 Ra2 30. Rb8+ Bf8 31. R8b2 R2a7 32. Rb5 Bg7 33. Be3 h6 34.
Bxc5 dxc5 35. Qb3 Kh7 36. g3 Bd4+ 37. Kh1 Qe5 38. f4 Qxe4+ 39. Bf3 Qf5 40. d6
Rd8 41. dxe7 Rxe7 42. Rb8 Rxb8 43. Qxb8 Qc2 44. Qb3 Re1+ 0-1

[Event "26. Obert Vila de Sant Boi 2014"]
[Site "Sant Boi de Llobregat ESP"]
[Date "2014.05.23"]
[Round "6.4"]
[White "Prats Rodriguez, Joan Bosco"]
[Black "Miguel Centeno, David"]
[Result "1-0"]
[WhiteElo "2208"]
[BlackElo "2204"]
[PlyCount "53"]
[EventDate "2014.04.04"]
[EventType "swiss"]
[EventRounds "9"]
[EventCountry "ESP"]
[Source "lmi"]
[SourceDate "2014.04.04"]

1. e4 e5 2. Nf3 Nc6 3. d4 exd4 4. Nxd4 Nf6 5. Nxc6 bxc6 6. e5 Qe7 7. Qe2 Nd5 8.
c4 Ba6 9. b3 g5 10. g3 Bg7 11. Bb2 O-O-O 12. Nd2 Rhe8 13. O-O-O f6 14. Qf3 fxe5
15. cxd5 Bxf1 16. Rhxf1 Qc5+ 17. Nc4 e4 18. Qe3 Bxb2+ 19. Kxb2 Qxe3 20. fxe3
cxd5 21. Rxd5 Rf8 22. Rdf5 Rxf5 23. Rxf5 d5 24. Nd2 d4 25. exd4 Rxd4 26. Nc4 e3
27. Rxg5 1-0

[Event "26. Obert Vila de Sant Boi 2014"]
[Site "Sant Boi de Llobregat ESP"]
[Date "2014.05.23"]
[Round "6.5"]
[White "Povill Claros, Xavier"]
[Black "Ramos Roldan, Miquel Angel"]
[Result "1/2-1/2"]
[WhiteElo "2061"]
[BlackElo "2003"]
[PlyCount "121"]
[EventDate "2014.04.04"]
[EventType "swiss"]
[EventRounds "9"]
[EventCountry "ESP"]
[Source "lmi"]
[SourceDate "2014.04.04"]

1. e4 b6 2. d4 Bb7 3. Bd3 Nf6 4. Qe2 e6 5. Nf3 c5 6. d5 exd5 7. exd5+ Qe7 8.
Qxe7+ Bxe7 9. c4 O-O 10. Nc3 h6 11. Bf4 Nh5 12. Bd2 a6 13. a4 d6 14. O-O-O Nd7
15. Rdg1 Ne5 16. Nxe5 dxe5 17. g4 Nf4 18. Bxf4 exf4 19. Re1 Bh4 20. Ne4 Bc8 21.
Rd1 Bxg4 22. Rd2 Rfe8 23. Rg1 Bf3 24. Nd6 Red8 25. Nf5 Bf6 26. Nxh6+ Kf8 27.
Ng4 Bd4 28. Be2 Be4 29. Rf1 b5 30. f3 Bf5 31. Rxd4 cxd4 32. Rd1 bxc4 33. Rxd4
Be6 34. Bxc4 Rac8 35. Kb1 Bf5+ 36. Ka2 Bxg4 37. fxg4 g5 38. b3 Re8 39. d6 Red8
40. Rd5 f3 41. Rf5 Rxd6 42. Rxf7+ Ke8 43. Rxf3 Rd2+ 44. Ka3 Rxh2 45. Rf5 Rh3
46. Bxa6 Rcc3 47. Rb5 Rhg3 48. Bc8 Rxc8 49. Rxg5 Rcc3 50. Rg8+ Kf7 51. Rb8 Rxg4
52. a5 Rg8 53. Rxg8 Kxg8 54. Kb4 Rc8 55. a6 Kf7 56. Kb5 Ke7 57. a7 Kd7 58. Kb6
Rc6+ 59. Kb7 Rc7+ 60. Kb8 Rc8+ 61. Kb7 1/2-1/2

[Event "26. Obert Vila de Sant Boi 2014"]
[Site "Sant Boi de Llobregat ESP"]
[Date "2014.05.23"]
[Round "6.6"]
[White "Muñoz De La Orden, David"]
[Black "Romeu Perulles, Jaume"]
[Result "0-1"]
[WhiteElo "2149"]
[BlackElo "2060"]
[PlyCount "147"]
[EventDate "2014.04.04"]
[EventType "swiss"]
[EventRounds "9"]
[EventCountry "ESP"]
[Source "lmi"]
[SourceDate "2014.04.04"]

1. Nf3 f5 2. e4 fxe4 3. Ng5 Nf6 4. d3 e5 5. dxe4 h6 6. Nf3 Bc5 7. Bc4 Nc6 8.
Nc3 d6 9. Nh4 Ng4 10. Nf5 Bxf2+ 11. Kf1 Bxf5 12. Qd5 Qf6 13. exf5 Be3 14. Qe4
Qh4 15. Bxe3 Nxe3+ 16. Qxe3 Qxc4+ 17. Qd3 Qxd3+ 18. cxd3 Rf8 19. Nd5 Rxf5+ 20.
Ke2 Kd7 21. Raf1 Nd4+ 22. Ke3 Raf8 23. Rxf5 Rxf5 24. Rc1 c6 25. Nc3 d5 26. b4
Rg5 27. g3 Rf5 28. Nd1 Rf1 29. Rb1 Rh1 30. a4 Rxh2 31. Nf2 Rg2 32. g4 Rg3+ 33.
Kd2 Rf3 34. Ke1 Kd6 35. Kf1 Rg3 36. Rb2 Ne6 37. a5 Nf4 38. Rd2 Rf3 39. Kg1 Nh3+
40. Nxh3 Rxh3 41. Kg2 Rh4 42. Kg3 Rh1 43. Rf2 Ke7 44. Re2 Ke6 45. Rf2 Rb1 46.
Rf8 Rxb4 47. Re8+ Kf6 48. Rf8+ Ke7 49. Rg8 Kf7 50. Ra8 a6 51. Rb8 c5 52. Kf3 c4
53. dxc4 dxc4 54. Ke4 c3+ 55. Kd3 Rb5 56. Kxc3 Rxa5 57. Rxb7+ Kf6 58. Ra7 g6
59. Ra8 Kg5 60. Rg8 Ra4 61. Re8 e4 62. Re6 a5 63. Kd2 h5 64. gxh5 gxh5 65. Ke3
h4 66. Re8 h3 67. Rh8 Kg4 68. Rg8+ Kh4 69. Kf4 e3+ 70. Kxe3 Rg4 71. Rh8+ Kg3
72. Rc8 h2 73. Rc1 Kg2 74. Rc2+ 0-1

[Event "26. Obert Vila de Sant Boi 2014"]
[Site "Sant Boi de Llobregat ESP"]
[Date "2014.05.23"]
[Round "6.7"]
[White "Nadal Fajardo, Ricard"]
[Black "Alquezar Mancho, Renato"]
[Result "1-0"]
[WhiteElo "2141"]
[BlackElo "1957"]
[PlyCount "81"]
[EventDate "2014.04.04"]
[EventType "swiss"]
[EventRounds "9"]
[EventCountry "ESP"]
[Source "lmi"]
[SourceDate "2014.04.04"]

1. b3 d5 2. Bb2 c5 3. e3 a6 4. Nf3 Nc6 5. Be2 Nf6 6. O-O Bf5 7. d3 e6 8. Nbd2
Be7 9. Re1 O-O 10. Nh4 Re8 11. Nxf5 exf5 12. Bf3 Bd6 13. g3 Be5 14. Bxe5 Nxe5
15. Bg2 Rb8 16. Nf3 Nc6 17. d4 cxd4 18. Nxd4 g6 19. Nxc6 bxc6 20. c4 Qb6 21.
cxd5 cxd5 22. Qd3 Red8 23. Red1 Rd6 24. Rac1 Rbd8 25. Qd4 Qxd4 26. Rxd4 Kg7 27.
Rc5 Ne4 28. Ra5 Nf6 29. Bf1 Rc8 30. Rxa6 Rxa6 31. Bxa6 Rc7 32. a4 Ne4 33. Bd3
Rc1+ 34. Kg2 Nc3 35. a5 Ra1 36. a6 Kf6 37. b4 Ke5 38. b5 Kd6 39. b6 Kc6 40. Rb4
Ra4 41. Bb5+ 1-0

[Event "26. Obert Vila de Sant Boi 2014"]
[Site "Sant Boi de Llobregat ESP"]
[Date "2014.05.23"]
[Round "6.8"]
[White "Marin Benito, Carla"]
[Black "Carreño Riera, Carles"]
[Result "0-1"]
[WhiteElo "2035"]
[BlackElo "2074"]
[PlyCount "81"]
[EventDate "2014.04.04"]
[EventType "swiss"]
[EventRounds "9"]
[EventCountry "ESP"]
[Source "lmi"]
[SourceDate "2014.04.04"]

1. e4 c5 2. Nc3 e6 3. g3 Nc6 4. Bg2 Nf6 5. d3 h6 6. f4 d5 7. e5 Nd7 8. Nf3 Be7
9. O-O g6 10. h3 a6 11. Kh2 Nb6 12. Qe2 Bd7 13. Nd1 Qc7 14. c4 O-O-O 15. a3
dxc4 16. dxc4 Na5 17. Ne3 Nb3 18. Rb1 Bc6 19. Nc2 Rd7 20. Be3 Rhd8 21. Na1 Nd4
22. Bxd4 cxd4 23. Qd3 Kb8 24. b3 g5 25. Nc2 gxf4 26. gxf4 f5 27. Nd2 Bxg2 28.
Kxg2 Rg8+ 29. Kh2 Bh4 30. Rg1 Rdg7 31. Rbf1 Bg3+ 32. Kh1 Bxf4 33. Nxd4 Bxe5 34.
N2f3 Rg3 35. Rxg3 Rxg3 36. h4 Rh3+ 37. Kg2 Qg7+ 38. Kf2 Bxd4+ 39. Ke2 Qg2+ 40.
Kd1 e5 41. Qxf5 0-1

[Event "26. Obert Vila de Sant Boi 2014"]
[Site "Sant Boi de Llobregat ESP"]
[Date "2014.05.23"]
[Round "6.9"]
[White "Cardenas, Fernando Adrian"]
[Black "Chalmeta Torredemer, Josep"]
[Result "1-0"]
[WhiteElo "2020"]
[BlackElo "2257"]
[PlyCount "51"]
[EventDate "2014.04.04"]
[EventType "swiss"]
[EventRounds "9"]
[EventCountry "ESP"]
[Source "lmi"]
[SourceDate "2014.04.04"]

1. Nf3 d5 2. d4 Nf6 3. c4 e6 4. g3 Be7 5. Bg2 O-O 6. O-O b6 7. Qc2 Bb7 8. cxd5
exd5 9. Bf4 c6 10. Nbd2 Nbd7 11. Rac1 Rc8 12. Bh3 Ra8 13. Rfd1 Re8 14. Ne5 Nxe5
15. dxe5 Nd7 16. e4 d4 17. e6 fxe6 18. Bxe6+ Kh8 19. Nf3 c5 20. Nxd4 cxd4 21.
Rxd4 Rc8 22. Bc7 Rxc7 23. Qxc7 Qxc7 24. Rxc7 Nf8 25. Bf7 Rc8 26. Rxe7 1-0

[Event "26. Obert Vila de Sant Boi 2014"]
[Site "Sant Boi de Llobregat ESP"]
[Date "2014.05.30"]
[Round "7.1"]
[White "Gonzalez Verges, Alex"]
[Black "Nieto Farreny, Francesc"]
[Result "1/2-1/2"]
[WhiteElo "2284"]
[BlackElo "2285"]
[PlyCount "72"]
[EventDate "2014.04.04"]
[EventType "swiss"]
[EventRounds "9"]
[EventCountry "ESP"]
[Source "lmi"]
[SourceDate "2014.04.04"]

1. e4 c5 2. Nf3 Nc6 3. d4 cxd4 4. Nxd4 g6 5. Nc3 Bg7 6. Be3 Nf6 7. Bc4 Qa5 8.
Nb3 Qb4 9. Bd3 Nxe4 10. Bxe4 Bxc3+ 11. bxc3 Qxe4 12. O-O O-O 13. Bh6 Re8 14.
Re1 Qh4 15. Qd2 d6 16. Nd4 Qh5 17. Bg5 Nxd4 18. cxd4 Be6 19. d5 h6 20. dxe6
Qxg5 21. exf7+ Kxf7 22. Qd3 Rac8 23. Qb3+ Kf8 24. Re3 Rc5 25. Rf3+ Rf5 26. Qxb7
Rxf3 27. Qxf3+ Qf6 28. Qd1 Rc8 29. h3 Qc3 30. Rc1 Qa3 31. Qd2 Kg7 32. Re1 e5
33. Re3 Qc5 34. Rf3 Rc6 35. c3 Rb6 36. Rg3 Qc4 1/2-1/2

[Event "26. Obert Vila de Sant Boi 2014"]
[Site "Sant Boi de Llobregat ESP"]
[Date "2014.05.30"]
[Round "7.2"]
[White "De Figueiredo Coutinho Filho"]
[Black "Prats Rodriguez, Joan Bosco"]
[Result "0-1"]
[WhiteElo "1817"]
[BlackElo "2208"]
[PlyCount "70"]
[EventDate "2014.04.04"]
[EventType "swiss"]
[EventRounds "9"]
[EventCountry "ESP"]
[Source "lmi"]
[SourceDate "2014.04.04"]

1. d4 d6 2. c4 g6 3. Nc3 Bg7 4. e4 Nf6 5. f3 Nbd7 6. Be3 c6 7. Qd2 a6 8. Rd1
Qc7 9. g4 h6 10. Nge2 b5 11. Ng3 Bb7 12. Rc1 b4 13. Na4 c5 14. d5 O-O-O 15. a3
a5 16. axb4 axb4 17. Kf2 h5 18. g5 h4 19. Ne2 Nh5 20. Bh3 Kb8 21. Bxd7 Rxd7 22.
Nf4 Nxf4 23. Bxf4 Bd4+ 24. Be3 Bxe3+ 25. Kxe3 e6 26. Ra1 exd5 27. cxd5 Re7 28.
Ra2 Re5 29. f4 Re7 30. Kf3 Rhe8 31. Re1 Qd7 32. f5 gxf5 33. e5 Rxe5 34. Nb6 Qd8
35. Rxe5 Rxe5 0-1

[Event "26. Obert Vila de Sant Boi 2014"]
[Site "Sant Boi de Llobregat ESP"]
[Date "2014.05.30"]
[Round "7.3"]
[White "Sanchez Lopez, Juan M"]
[Black "Povill Claros, Xavier"]
[Result "1/2-1/2"]
[WhiteElo "2290"]
[BlackElo "2061"]
[PlyCount "55"]
[EventDate "2014.04.04"]
[EventType "swiss"]
[EventRounds "9"]
[EventCountry "ESP"]
[Source "lmi"]
[SourceDate "2014.04.04"]

1. c4 c5 2. Nc3 Nc6 3. g3 g6 4. Bg2 Bg7 5. e3 Nh6 6. Nge2 Nf5 7. O-O d6 8. b3
Bd7 9. Bb2 Rb8 10. Qb1 O-O 11. Ne4 e5 12. N4c3 Nfe7 13. Nd5 Nxd5 14. cxd5 Ne7
15. Qc2 Qc8 16. Rad1 Bh3 17. e4 g5 18. d3 Bxg2 19. Kxg2 f5 20. f3 Rf6 21. Bc1
f4 22. Bd2 g4 23. gxf4 gxf3+ 24. Rxf3 Qg4+ 25. Kf2 exf4 26. Rg1 Qh4+ 27. Kf1
Ng6 28. Bc3 1/2-1/2

[Event "26. Obert Vila de Sant Boi 2014"]
[Site "Sant Boi de Llobregat ESP"]
[Date "2014.05.30"]
[Round "7.4"]
[White "Romeu Perulles, Jaume"]
[Black "Bada Navarra, Jordi"]
[Result "0-1"]
[WhiteElo "2060"]
[BlackElo "2201"]
[PlyCount "54"]
[EventDate "2014.04.04"]
[EventType "swiss"]
[EventRounds "9"]
[EventCountry "ESP"]
[Source "lmi"]
[SourceDate "2014.04.04"]

1. Nc3 e6 2. e4 d5 3. Nf3 Nf6 4. exd5 exd5 5. d4 Bg4 6. Qe2+ Be7 7. Qb5+ Nc6 8.
Ne5 O-O 9. Nxg4 Nxg4 10. Qxd5 Qe8 11. Be3 Rd8 12. Qf3 Nxd4 13. Bxd4 Rxd4 14.
Be2 Bd6 15. g3 f5 16. O-O c6 17. Rad1 Bc5 18. h3 Rxd1 19. Nxd1 Ne5 20. Qb3+ Kh8
21. Kg2 f4 22. gxf4 Ng6 23. Bg4 Qe4+ 24. Kh2 Bd6 25. Qf3 Qc4 26. Rg1 Rxf4 27.
Qe3 Rxf2+ 0-1

[Event "26. Obert Vila de Sant Boi 2014"]
[Site "Sant Boi de Llobregat ESP"]
[Date "2014.05.30"]
[Round "7.5"]
[White "Carreño Riera, Carles"]
[Black "Cardenas, Fernando Adrian"]
[Result "1-0"]
[WhiteElo "2074"]
[BlackElo "2020"]
[PlyCount "87"]
[EventDate "2014.04.04"]
[EventType "swiss"]
[EventRounds "9"]
[EventCountry "ESP"]
[Source "lmi"]
[SourceDate "2014.04.04"]

1. d4 Nf6 2. c4 g6 3. Nc3 Bg7 4. e4 d6 5. Be2 O-O 6. Be3 Nbd7 7. Qc2 e5 8. d5
a5 9. O-O-O Nc5 10. h3 Ne8 11. g4 f5 12. gxf5 gxf5 13. Nf3 f4 14. Bxc5 dxc5 15.
Rdg1 Kh8 16. Rg2 Bf6 17. h4 Nd6 18. Ng5 Qe7 19. Qd3 Rg8 20. Qf3 Bxg5 21. hxg5
Rxg5 22. Rgh2 Rg7 23. Qh5 Bd7 24. f3 Rf8 25. Nd1 Rff7 26. Nf2 Qg5 27. Nd3 Nxc4
28. Qxg5 Rxg5 29. Nxc5 Nd6 30. Rh5 Rxh5 31. Rxh5 Kg7 32. Rxe5 Kg6 33. Kd1 Bc8
34. b3 b6 35. Nd3 h5 36. Ke1 Ba6 37. Re6+ Kg5 38. Ne5 Bxe2 39. Nxf7+ Nxf7 40.
Kxe2 h4 41. Kf2 h3 42. Re7 Nd6 43. Rg7+ Kf6 44. Rxc7 1-0

[Event "26. Obert Vila de Sant Boi 2014"]
[Site "Sant Boi de Llobregat ESP"]
[Date "2014.05.30"]
[Round "7.6"]
[White "Miguel Centeno, David"]
[Black "Nadal Fajardo, Ricard"]
[Result "0-1"]
[WhiteElo "2204"]
[BlackElo "2141"]
[PlyCount "92"]
[EventDate "2014.04.04"]
[EventType "swiss"]
[EventRounds "9"]
[EventCountry "ESP"]
[Source "lmi"]
[SourceDate "2014.04.04"]

1. e4 c6 2. Nf3 d5 3. exd5 cxd5 4. Ne5 Nd7 5. d4 Nxe5 6. dxe5 e6 7. Bd3 Ne7 8.
O-O Nc6 9. Re1 Bd7 10. c3 Rc8 11. Nd2 Be7 12. Qg4 O-O 13. Nf3 f5 14. exf6 Bxf6
15. Rxe6 Bxe6 16. Qxe6+ Kh8 17. Qh3 g6 18. Bxg6 Rc7 19. Be3 Rg8 20. Bf5 Rcg7
21. g3 d4 22. Rd1 Qb6 23. cxd4 Qxb2 24. Ng5 Bxg5 25. Bxg5 Nxd4 26. Be4 Nf3+ 27.
Bxf3 Rxg5 28. Rd7 R5g7 29. Bxb7 Rf8 30. f4 Qb1+ 31. Kf2 Qxa2+ 32. Kf3 Qb3+ 33.
Kg2 Re8 34. Qf5 Rxd7 35. Qxd7 Re2+ 36. Kf1 Qc4 37. Bd5 Rd2+ 38. Bxc4 Rxd7 39.
Ke2 a5 40. Ke3 Rd6 41. f5 Kg7 42. Ke4 Kf6 43. h4 Rb6 44. g4 h6 45. Be6 Rb4+ 46.
Kf3 a4 0-1

[Event "26. Obert Vila de Sant Boi 2014"]
[Site "Sant Boi de Llobregat ESP"]
[Date "2014.05.30"]
[Round "7.7"]
[White "Ros Alonso, Jaume"]
[Black "Blasco Coll, Andreu"]
[Result "0-1"]
[WhiteElo "2038"]
[BlackElo "2182"]
[PlyCount "78"]
[EventDate "2014.04.04"]
[EventType "swiss"]
[EventRounds "9"]
[EventCountry "ESP"]
[Source "lmi"]
[SourceDate "2014.04.04"]

1. e4 c5 2. Nf3 e6 3. d4 cxd4 4. Nxd4 Nc6 5. Nc3 Qc7 6. Be2 a6 7. O-O Nf6 8.
Be3 Bb4 9. f3 d5 10. exd5 exd5 11. Na4 O-O 12. Nxc6 Qxc6 13. c3 Ba5 14. Qd4 Re8
15. Kf2 Ne4+ 16. fxe4 Rxe4 17. Qc5 Qxa4 18. b4 d4 19. Bxd4 Qc2 20. Rae1 Bg4 21.
Qc4 b5 22. Qd3 Rxe2+ 23. Qxe2 Bxe2 24. Rxe2 Qf5+ 25. Ke1 Qh5 26. bxa5 Qxh2 27.
Kd2 Qd6 28. Kd3 Qd5 29. Ref2 Qc4+ 30. Kd2 Qxa2+ 31. Kd3 Qc4+ 32. Kd2 Re8 33.
Rxf7 Re2+ 34. Kc1 Qxf7 35. Rxf7 Kxf7 36. g3 g6 37. Kd1 Rg2 38. Be5 Ke6 39. Bf4
Kf5 0-1

[Event "26. Obert Vila de Sant Boi 2014"]
[Site "Sant Boi de Llobregat ESP"]
[Date "2014.05.30"]
[Round "7.8"]
[White "Ferrer Got, Juan"]
[Black "Langa Ramiro, Ricard"]
[Result "0-1"]
[WhiteElo "2029"]
[BlackElo "2150"]
[PlyCount "63"]
[EventDate "2014.04.04"]
[EventType "swiss"]
[EventRounds "9"]
[EventCountry "ESP"]
[Source "lmi"]
[SourceDate "2014.04.04"]

1. e4 Nf6 2. Nc3 d5 3. exd5 Nxd5 4. Nxd5 Qxd5 5. Nf3 Bg4 6. Be2 Nc6 7. O-O
O-O-O 8. d3 e5 9. Ne1 Be6 10. f4 Bc5+ 11. Kh1 e4 12. Bd2 f5 13. a3 h5 14. Bc3
h4 15. h3 Nd4 16. dxe4 fxe4 17. Bxd4 Qxd4 18. Qxd4 Rxd4 19. f5 Rd2 20. Bg4 Bd7
21. Rd1 Rxd1 22. Bxd1 Rf8 23. Bg4 Rf6 24. c3 g6 25. b4 Bd6 26. Nc2 gxf5 27. Ne3
f4 28. Nd5 Rf8 29. Bxd7+ Kxd7 30. c4 Ke6 31. Rd1 Be5 32. Re1 0-1

[Event "26. Obert Vila de Sant Boi 2014"]
[Site "Sant Boi de Llobregat ESP"]
[Date "2014.05.30"]
[Round "7.9"]
[White "Prats Alonso, Oscar"]
[Black "Martinez Lopez, Carlos"]
[Result "1-0"]
[WhiteElo "2114"]
[BlackElo "2049"]
[PlyCount "57"]
[EventDate "2014.04.04"]
[EventType "swiss"]
[EventRounds "9"]
[EventCountry "ESP"]
[Source "lmi"]
[SourceDate "2014.04.04"]

1. e4 c5 2. Nc3 Nc6 3. f4 e6 4. Nf3 Nge7 5. d4 Nxd4 6. Nxd4 cxd4 7. Qxd4 Nc6 8.
Qf2 Be7 9. Bd3 O-O 10. O-O Nb4 11. Be3 Nxd3 12. cxd3 b6 13. Rac1 Ba6 14. Rfd1
d5 15. a4 Qd7 16. Bd4 Rac8 17. exd5 exd5 18. Qf3 Rfd8 19. Re1 Bc5 20. Bxc5 bxc5
21. Re5 Bb7 22. f5 d4 23. Ne4 Bxe4 24. Qxe4 c4 25. dxc4 d3 26. b3 d2 27. Rd1
Re8 28. Rxe8+ Rxe8 29. Rxd2 1-0

[Event "26. Obert Vila de Sant Boi 2014"]
[Site "Sant Boi de Llobregat ESP"]
[Date "2014.05.30"]
[Round "7.10"]
[White "Gaona Gonzalez, Gerard"]
[Black "Bonay Toscas, Santiago"]
[Result "1/2-1/2"]
[WhiteElo "2103"]
[BlackElo "2027"]
[PlyCount "80"]
[EventDate "2014.04.04"]
[EventType "swiss"]
[EventRounds "9"]
[EventCountry "ESP"]
[Source "lmi"]
[SourceDate "2014.04.04"]

1. Nf3 Nf6 2. d3 d5 3. Nbd2 Nc6 4. g3 e5 5. e4 Bc5 6. Bg2 dxe4 7. dxe4 Bg4 8.
h3 Bh5 9. O-O Qe7 10. c3 Rd8 11. Qe2 O-O 12. b4 Bb6 13. a4 a5 14. b5 Nb8 15.
Nc4 Bxf3 16. Qxf3 Qe6 17. Nxb6 cxb6 18. Bg5 Nbd7 19. Rfd1 Nc5 20. Bxf6 Qxf6 21.
Qxf6 gxf6 22. Rd5 Rxd5 23. exd5 Rc8 24. Ra3 Kf8 25. Kf1 Ke7 26. Ke2 Kd6 27. Kd2
e4 28. c4 Ke5 29. Ke3 f5 30. f4+ Kd6 31. Bf1 Rg8 32. Kf2 Nd7 33. Be2 Nf6 34.
Re3 h5 35. Ke1 Kc5 36. Kd2 Kb4 37. Kc2 Rc8 38. Kb2 Kc5 39. Kc3 Rg8 40. Bd1 Rg7
1/2-1/2

[Event "26. Obert Vila de Sant Boi 2014"]
[Site "Sant Boi de Llobregat ESP"]
[Date "2014.06.06"]
[Round "8.1"]
[White "Nieto Farreny, Francesc"]
[Black "Prats Rodriguez, Joan Bosco"]
[Result "0-1"]
[WhiteElo "2285"]
[BlackElo "2208"]
[PlyCount "52"]
[EventDate "2014.04.04"]
[EventType "swiss"]
[EventRounds "9"]
[EventCountry "ESP"]
[Source "lmi"]
[SourceDate "2014.04.04"]

1. d4 d5 2. c4 dxc4 3. e4 Nc6 4. Nf3 Bg4 5. Be3 Bxf3 6. gxf3 e6 7. Bxc4 Qf6 8.
Bb5 Bb4+ 9. Ke2 Nge7 10. Qd3 O-O-O 11. Rd1 Bc5 12. Nd2 Bxd4 13. Qc2 Bxe3 14.
fxe3 Qe5 15. Bxc6 Qxh2+ 16. Ke1 Nxc6 17. Rac1 Rd7 18. Nf1 Rxd1+ 19. Kxd1 Rd8+
20. Ke1 Qh4+ 21. Ke2 Qg5 22. Kf2 Rd7 23. Qc5 Ne5 24. Qf8+ Rd8 25. Rxc7+ Kxc7
26. Qe7+ Qxe7 0-1

[Event "26. Obert Vila de Sant Boi 2014"]
[Site "Sant Boi de Llobregat ESP"]
[Date "2014.06.06"]
[Round "8.2"]
[White "Nadal Fajardo, Ricard"]
[Black "Gonzalez Verges, Alex"]
[Result "1-0"]
[WhiteElo "2141"]
[BlackElo "2284"]
[PlyCount "40"]
[EventDate "2014.04.04"]
[EventType "swiss"]
[EventRounds "9"]
[EventCountry "ESP"]
[Source "lmi"]
[SourceDate "2014.04.04"]

1. e4 c5 2. Nf3 d6 3. Bb5+ Nc6 4. Bxc6+ bxc6 5. d3 g6 6. O-O Bg7 7. c3 Nf6 8.
Re1 O-O 9. Na3 Nd7 10. Bg5 Re8 11. Nc4 Qc7 12. Bf4 e5 13. Bg3 a5 14. h3 Ba6 15.
a4 Rab8 16. Qc2 Nf8 17. Rab1 Ne6 18. Qd2 Rb7 19. Qc2 Reb8 20. Nfd2 Nf4 1-0

[Event "26. Obert Vila de Sant Boi 2014"]
[Site "Sant Boi de Llobregat ESP"]
[Date "2014.06.06"]
[Round "8.3"]
[White "Bada Navarra, Jordi"]
[Black "Carreño Riera, Carles"]
[Result "1-0"]
[WhiteElo "2201"]
[BlackElo "2074"]
[PlyCount "71"]
[EventDate "2014.04.04"]
[EventType "swiss"]
[EventRounds "9"]
[EventCountry "ESP"]
[Source "lmi"]
[SourceDate "2014.04.04"]

1. e4 c5 2. Nf3 Nc6 3. d4 cxd4 4. Nxd4 d6 5. Nc3 Nf6 6. Bg5 Nd7 7. Nd5 Nb6 8.
Be2 Nxd5 9. exd5 Qa5+ 10. Bd2 Qxd5 11. Nb5 Kd7 12. O-O a6 13. Nc3 Qd4 14. Bf3
e6 15. Re1 Ne5 16. Re4 Nxf3+ 17. gxf3 Qf6 18. Na4 Ke8 19. Nb6 Rb8 20. c3 Bd7
21. Nxd7 Kxd7 22. Qa4+ b5 23. Qxa6 Qd8 24. Rb4 Qb6 25. Qxb6 Rxb6 26. a4 d5 27.
Rxb5 Kc6 28. Rxb6+ Kxb6 29. Be3+ Kc6 30. b4 Bd6 31. b5+ Kb7 32. a5 Rc8 33. a6+
Kb8 34. b6 Be5 35. b7 Re8 36. Rb1 1-0

[Event "26. Obert Vila de Sant Boi 2014"]
[Site "Sant Boi de Llobregat ESP"]
[Date "2014.06.06"]
[Round "8.4"]
[White "Langa Ramiro, Ricard"]
[Black "Sanchez Lopez, Juan M"]
[Result "1/2-1/2"]
[WhiteElo "2150"]
[BlackElo "2290"]
[PlyCount "48"]
[EventDate "2014.04.04"]
[EventType "swiss"]
[EventRounds "9"]
[EventCountry "ESP"]
[Source "lmi"]
[SourceDate "2014.04.04"]

1. d4 Nf6 2. Nf3 d5 3. e3 e6 4. Nbd2 c5 5. b3 cxd4 6. exd4 Bb4 7. Bd3 Ne4 8.
O-O f5 9. c4 O-O 10. Bb2 Nc6 11. a3 Bd6 12. Ne5 Qh4 13. f4 Nxe5 14. fxe5 Be7
15. Bxe4 dxe4 16. Qe2 Bd7 17. Rae1 Bc6 18. b4 a6 19. Qf2 Qh6 20. Bc1 g5 21. Nb3
b6 22. d5 exd5 23. Qxb6 Rfb8 24. Qd4 Qe6 1/2-1/2